000 00544cam a2200193ua 4500
020 _c695
041 _aeng
_h
082 _a632
_bRAY/RE
100 _aRay chaudhuri, S P .
245 _aReview of tropical plant pathology volume V : Diseare of fihre and oitsecd crops /
_cS P Ray chaudhuri.
_hTextual Documents
250 _a1 /
_b.
260 _aNew Delhi :
_bToday Tomorrow`s printers publishers ,
_c1989.
300 _a316 ; .
365 _a695
504 _a
700 1 _aVerma, T P .
942 _cBK
999 _c2986
_d2986